|
|
|
|
| LEADER |
00000cam a22000004a 4500 |
| 001 |
musev2_9405 |
| 003 |
MdBmJHUP |
| 005 |
20230905041054.0 |
| 006 |
m o d |
| 007 |
cr||||||||nn|n |
| 008 |
070425s2007 utu o 00 0 eng d |
| 010 |
|
|
|z 2007016750
|
| 020 |
|
|
|a 9780874216660
|
| 020 |
|
|
|z 9780874216615
|
| 035 |
|
|
|a (OCoLC)290556379
|
| 040 |
|
|
|a MdBmJHUP
|c MdBmJHUP
|
| 043 |
|
|
|a n-us---
|a n-us-ut
|
| 050 |
0 |
4 |
|a E840.8.W475
|b A3 2007
|
| 082 |
0 |
|
|a 324.7/0973
|a B
|2 22
|
| 100 |
1 |
|
|a Westwood, Jean.
|
| 245 |
1 |
0 |
|a Madame Chair :
|b A Political Autobiography of an Unintentional Pioneer /
|c Jean Miles Westwood ; edited by Linda Sillitoe ; with a foreword by Floyd A. O'Neil.
|
| 264 |
|
1 |
|a Logan :
|b Utah State University Press,
|c 2007.
|
| 264 |
|
3 |
|a Baltimore, Md. :
|b Project MUSE,
|c 2012
|
| 264 |
|
4 |
|c ©2007.
|
| 300 |
|
|
|a 1 online resource (240 pages):
|b ill. ;
|
| 336 |
|
|
|a text
|b txt
|2 rdacontent
|
| 337 |
|
|
|a computer
|b c
|2 rdamedia
|
| 338 |
|
|
|a online resource
|b cr
|2 rdacarrier
|
| 500 |
|
|
|a Includes index.
|
| 505 |
0 |
|
|a McGovern calls -- Political beginnings -- Party politics--and parties -- Preparing for the 1968 convention -- The 1968 campaign in Utah -- Beginnings of reform -- Implementing reform -- Call for 1972 convention -- Convention by committee -- The nominee--and a new chair -- The hatchet and the race -- To chair or not -- Conceiving a charter -- The Sanford campaign -- Rounding out a career.
|
| 506 |
0 |
|
|a Open Access
|f Unrestricted online access
|2 star
|
| 588 |
|
|
|a Description based on print version record.
|
| 600 |
1 |
0 |
|a Westwood, Jean.
|
| 650 |
|
0 |
|a Presidents
|z United States
|x Election
|y 1972.
|
| 650 |
|
0 |
|a Political consultants
|z United States
|v Biography.
|
| 650 |
|
0 |
|a Women political consultants
|z United States
|v Biography.
|
| 610 |
2 |
0 |
|a Democratic Party (U.S.)
|v Biography.
|
| 651 |
|
0 |
|a Utah
|x Politics and government
|y 20th century.
|
| 651 |
|
0 |
|a United States
|x Politics and government
|y 20th century.
|
| 655 |
|
7 |
|a Electronic books.
|2 local
|
| 710 |
2 |
|
|a Project Muse.
|e distributor
|
| 830 |
|
0 |
|a Book collections on Project MUSE.
|
| 856 |
4 |
0 |
|z Texto completo
|u https://projectmuse.uam.elogim.com/book/9405/
|
| 945 |
|
|
|a Project MUSE - Archive Complete Foundation
|
| 945 |
|
|
|a Project MUSE - Archive History Foundation
|